Urubba wa-al-Athar al-Misriyah.

محفوظ في:

المؤلف الرئيسي: France, Peter.

التنسيق: كتاب

اللغة: Arabic

منشور في: al-Qāhirah : al-Hayʼah al-Miṣrīyah al-ʻĀmmah lil-Kitāb, 2009.

الطبعة: Tabaah 1.

سلاسل: Alf kitab al-thani.

الموضوعات:

الوسوم: إضافة وسم

لا توجد وسوم, كن أول من يضع وسما على هذه التسجيلة!

رقم الطلب: DT60 .F7212 2009

LEADER 00727nam a2200241Ia 4500
003 OSt
005 20241104125510.0
008 231106s2009 ua 000 0 ara d
999 |c 54940  |d 54940 
020 |a 9789774211618 
040 |c ARCE Library 
050 4 |a DT60 .F7212 2009 
100 1 |a France, Peter. 
240 1 4 |a The rape for Egypt : how the Europeans stripped Egypt of its heritage.  |l Arabic 
245 1 0 |a Urubba wa-al-Athar al-Misriyah. 
250 |a Tabaah 1. 
264 1 |a al-Qāhirah :   |b al-Hayʼah al-Miṣrīyah al-ʻĀmmah lil-Kitāb,   |c 2009. 
300 |a 276 p. ;   |c 24 cm. 
490 0 |a Alf kitab al-thani. 
651 0 |a Egypt -- Antiquities. 
651 0 |a Europe -- History. 
901 |a reviewed 
942 |2 lcc  |c BK